| 000 | 00407 a2200145 4500 | ||
|---|---|---|---|
| 020 | _a9789694171128 | ||
| 082 | _a515.723 | ||
| 090 |
_c6180 _d6180 |
||
| 100 | _aKhattak,Mohammad Ali. | ||
| 245 |
_aFourier Series and Integral Transforms. _cMohammad Ali Khattak. |
||
| 260 |
_aIslamabad. _bHigher Education Commission. _c2009. |
||
| 300 | _a196p. | ||
| 500 | _aPaper cover. | ||
| 942 |
_aNBS _cBK _k515.723 KHA |
||
| 999 |
_c348555 _d348555 |
||